=LDR 00000nam 2200000 4500 =001 INLIS000000000021022 =005 20130612115925 =008 ***********************************Ind** =035 ##$$0010-061300000021022 =041 ##$$a Ind =082 ##$$a R.92(Harjoprakoso) =090 ##$$a R.92(Harjoprakoso), Sos s =245 ##$$a Sosok pribadi unik mastini Harjoprakoso, Kustiniyati Muchtar dkk ; editor, Mimi D. Aman, Murtini S Pendit =260 ##$$a 1994 $b Jakarta =300 ##$$a xviii, 224 hlm, ilus, 21 cm =650 ##$$a Hardjo Prakoso, Mastini 1923 =850 ##$$a NBPNMAT